| 000 | 00665nam a2200193 4500 | ||
|---|---|---|---|
| 001 | 000019953 | ||
| 005 | 20200929170214.0 | ||
| 008 | 700601s1970 xxu b 001 0 eng | ||
| 040 |
_aDO-SdBNP _cspa _dBNPHU |
||
| 100 | 1 |
_aMelvin, Kenneth Hector. _942545 |
|
| 245 | 1 | 0 |
_aEducation in world affairs : _ba realistic approach to international education / _cKenneth Melvin. |
| 260 |
_aLexington : _bHeath, _c1970. |
||
| 300 |
_a198 p. ; _c24 cm. |
||
| 490 | 1 | 4 | _aThe Heath foundations of education |
| 500 | _aIncluye índice. | ||
| 504 | _aBibliography: p. [187]-194. | ||
| 650 | 0 |
_aInternational education _942546 |
|
| 830 | 0 |
_aThe Heath foundations of education _942547 |
|
| 999 |
_c19466 _d19466 |
||